000 00460nam a2200181Ia 4500
001 596
005 20260306140529.0
008 260306t2011||||xx |||||||||||||| ||spa||
041 _aESP
082 _a128
_bL582
100 _aLucas Lucas, Ramón
_eAUT
245 0 _aAbsoluto relativo :
_bpresupuestos antropológicos del mensaje revelado
260 _c2011
300 _a145 páginas :
_c21 cm.
650 _aGEN
654 _aCHU
942 _cLIB
_dJUS
_fJUS
_2ddc
_n
999 _c596
_d596